000 00502nam a2200193 a 4500
001 13288
003 CO-ViMGA
008 141112s2004 ck r 000 u spa d
020 _a95835302049
040 _aCO-ViMGA
_bspa
_cCO-ViMGA
082 0 4 _a364 M856S
100 1 _aMuñoz Conde, Francisco
_919475
245 1 0 _aEl Secuestro de Aldo Moro
260 _aSantafé de Bogotá :
_bTemis,
_c1999
300 _a129
650 1 4 _aDELITOS POLITICOS
_919476
650 1 4 _aSECUESTRO
_955640
942 _2ddc
_cBK
999 _c24036
_d24036